| 000 | 00499nam a2200193Ia 4500 | ||
|---|---|---|---|
| 008 | 210417s9999 xx 000 0 und d | ||
| 020 | _a9789382423010 | ||
| 020 | _b938242301X | ||
| 082 | _a577.03 SIN ; 1 | ||
| 082 | _bzzzzzzzz | ||
| 245 | 4 | _aThe DBS handbook of ecology | |
| 245 | 0 | _cDBS handbook of ecology | |
| 250 | _b"xviii, 809 p. : ill. ; 25 cm. " | ||
| 260 | _aNew Delhi | ||
| 260 | _bDBS Imprints | ||
| 260 | _c2013 | ||
| 700 | _a"Singh, Udai Veer" | ||
| 700 | _bUdai Veer Singh | ||
| 999 |
_c457727 _d457727 |
||